| 000 | 00658nam a2200205 u 4500 | ||
|---|---|---|---|
| 001 | 000020487 | ||
| 005 | 20200930011122.0 | ||
| 008 | 100809s2010 dr c r 000 0 spa d | ||
| 020 | _a9780979714818 | ||
| 040 |
_aDO-SdBNP _bspa _cBNPHU |
||
| 041 | 1 | 7 |
_aspa _beng |
| 082 |
_axxx _bxxx |
||
| 100 | 1 |
_aBatista, Domingo _d1946- _943004 |
|
| 245 | 1 | 0 |
_aInfrarrojo / _cDomingo Batista ; traducción Francia A. de Batista. |
| 260 |
_aSantiago, República Dominicana : _bAmigo del hogar, _c2010. |
||
| 300 |
_a186 : _bretrs. ; _c32 cm. |
||
| 500 | _aIncluye datos biografícos del autor. | ||
| 590 | _aInventariado, 2018/ YL | ||
| 700 | 1 |
_aBatista, Francia A., _943173 |
|
| 999 |
_c19991 _d19991 |
||